Google Translate Languages - Statistics

General Stats
  • This quiz has been taken 185 times
    51 since last reset
  • The average score is 101 of 249
Answer Stats
Language % Correct
M Mauritian Creole
100%
F French
94%
F French (Canada)
94%
G German
94%
J Japanese
94%
S Spanish
92%
G Greek
89%
A Albanian
86%
A Arabic
86%
D Dutch
86%
I Italian
86%
K Korean
86%
N Norwegian
86%
R Russian
86%
C Chinese (Simplified)
83%
C Chinese (Traditional)
83%
E Estonian
83%
F Finnish
83%
H Hungarian
83%
I Irish
83%
R Romani
83%
S Slovak
83%
S Slovenian
83%
S Swedish
83%
B Bulgarian
81%
E English
81%
H Hindi
81%
L Latvian
81%
P Polish
81%
P Portuguese (Brazil)
81%
P Portuguese (Portugal)
81%
S Serbian
81%
U Ukrainian
81%
A Armenian
78%
B Belarusian
78%
B Bosnian
78%
C Croatian
78%
C Czech
78%
K Kazakh
78%
T Tajik
78%
T Turkish
78%
T Turkmen
78%
U Uzbek
78%
A Azerbaijani
75%
D Danish
75%
G Georgian
75%
I Icelandic
75%
L Lithuanian
75%
R Romanian
75%
Z Zulu
75%
C Catalan
72%
K Khmer
72%
K Kyrgyz
72%
L Latin
72%
M Macedonian
72%
M Malay
72%
M Malay (Jawi)
72%
U Urdu
72%
B Bengali
69%
H Hakha Chin
69%
H Hmong
69%
S Scots Gaelic
69%
T Thai
69%
V Vietnamese
69%
W Welsh
69%
G Ga
67%
H Hebrew
67%
I Indonesian
67%
L Lao
67%
A Afrikaans
64%
F Filipino
64%
N Nepali
64%
P Persian
64%
H Haitian Creole
61%
L Luxembourgish
61%
M Myanmar (Burmese)
61%
C Cantonese
58%
F Fijian
58%
J Javanese
58%
M Maltese
58%
M Mongolian
58%
P Pashto
58%
S Swahili
58%
A Amharic
56%
B Basque
56%
D Dzongkha
56%
H Hawaiian
56%
Q Quechua
56%
K Kinyarwanda
53%
S Somali
53%
T Tamil
53%
X Xhosa
53%
C Crimean Tatar (Cyrillic)
50%
C Crimean Tatar (Latin)
50%
G Galician
50%
I Igbo
50%
T Tatar
50%
Y Yoruba
50%
K Kurdish (Kurmanji)
47%
K Kurdish (Sorani)
47%
B Breton
44%
G Gujarati
44%
M Maori
44%
P Punjabi (Gurmukhi)
44%
P Punjabi (Shahmukhi)
44%
S Sami (North)
44%
T Telugu
44%
C Corsican
42%
M Malagasy
42%
O Occitan
42%
E Esperanto
39%
J Jamaican Patois
39%
K Kannada
39%
U Uyghur
39%
Y Yiddish
39%
A Aymara
36%
C Chechen
36%
G Guarani
36%
H Hausa
36%
K Kalaallisut
36%
M Marathi
36%
S Samoan
36%
S Sicilian
36%
S Sinhala
36%
T Tibetan
36%
F Faroese
33%
M Malayalam
33%
M Manx
33%
O Oromo
33%
T Tongan
33%
T Tswana
33%
V Venetian
33%
W Wolof
33%
F Frisian
31%
S Sesotho
31%
T Tigrinya
31%
Y Yucatec Maya
31%
A Abkhaz
28%
A Assamese
28%
D Dari
28%
M Marshallese
28%
S Sanskrit
28%
S Seychellois Creole
28%
S Sundanese
28%
T Tok Pisin
28%
B Bashkir
25%
D Dhivehi
25%
N Ndebele (South)
25%
O Ossetian
25%
A Afar
22%
B Balinese
22%
C Cebuano
22%
I Inuktut (Latin)
22%
I Inuktut (Syllabics)
22%
L Lombard
22%
N Nahuatl (Eastern Huasteca)
22%
O Odia (Oriya)
22%
S Sindhi
22%
Y Yakut
22%
B Baluchi
19%
C Chuvash
19%
D Dinka
19%
L Limburgish
19%
S Shona
19%
S Swati
19%
Z Zapotec
19%
A Avar
17%
B Bambara
17%
F Friulian
17%
K Kituba
17%
K Konkani
17%
L Ligurian
17%
L Lingala
17%
M Madurese
17%
M Meadow Mari
17%
M Mizo
17%
N Nuer
17%
S Silesian
17%
T Tamazight
17%
T Tamazight (Tifinagh)
17%
T Tetum
17%
T Tuvan
17%
U Udmurt
17%
V Venda
17%
C Chichewa
14%
I Ilocano
14%
L Luganda
14%
M Maithili
14%
M Mam
14%
M Meiteilon (Manipuri)
14%
R Rundi
14%
S Shan
14%
T Tsonga
14%
A Acehnese
11%
B Bhojpuri
11%
B Buryat
11%
C Chamorro
11%
C Chuukese
11%
E Ewe
11%
F Fon
11%
F Fulani
11%
H Hiligaynon
11%
K Khasi
11%
K Kiga
11%
K Kikongo
11%
K Komi
11%
L Latgalian
11%
L Luo
11%
M Makassar
11%
M Minang
11%
S Sango
11%
S Santali (Latin)
11%
S Santali (Ol Chiki)
11%
T Tulu
11%
W Waray
11%
A Acholi
8%
B Bemba
8%
D Dogri
8%
D Dombe
8%
D Dyula
8%
H Hunsrik
8%
I Iban
8%
J Jingpo
8%
K Kapampangan
8%
K Krio
8%
P Pangasinan
8%
P Papiamento
8%
Q Q'eqchi'
8%
S Sepedi
8%
T Tahitian
8%
A Alur
6%
B Baoulé
6%
B Batak Karo
6%
B Batak Simalungun
6%
B Batak Toba
6%
B Bikol
6%
K Kanuri
6%
K Kokborok
6%
M Marwadi
6%
N Ndau
6%
N Nepalbhasa (Newari)
6%
N NKo
6%
T Tiv
6%
T Tshiluba
6%
T Tumbuka
6%
T Twi
6%
S Susu
3%
A Awash
0%
B Betwai
0%
No matching quizzes found
Score Distribution
Percent of People with Each Score
Percentile by Number Answered
Your Score History
You have not taken this quiz since the last reset